000 00631cam a22001814a 4500
005 20250605164404.0
008 250528s ||||||||||||||||||||||||d
035 _a24754
040 _aGR-AtMCL
_bgre
_dGR-AtMCL
_eAACR2
245 1 _aThe Car Interior of the Future: Where 3D Data Makes the Difference
260 _bEe Times Europe,
_c2022
300 _a83
520 _aTransformational Transformer Networks, Cloudification Demands Timing Design Shift, AVs: How Is Europe Doing?, Democratizing Space and Protecting the Planet.
700 1 _aPele Anne Francoise
_99414
942 _cCR
999 _c9608
_d9608